000 01443nam a22002297a 4500
003 St Aloysius Coll
005 20250730125956.0
008 250728b |||||||| |||| 00| 0 eng d
020 _a9789364370554
040 _cAL
041 _aEnglish
082 _a330.02
_bROSN
100 _aRakesh Kumar Roshan
_9220563
245 _aNTA UGC NET JRF SET Economics paper 2
260 _aNew Delhi
_bArihant Publications
300 _a668p.
_bPB
_c27x21.5cm.
365 _2General
_a1941
_b₹572.00
_c
_d₹715.00
_e20%
_f07/14/2025
520 _aThe UGC NET is a test to determine the eligibility of candidates opting for the post of Assistant Professor only or Junior Research Fellowship and Assistant Professor both in Indian Universities and Colleges. To meet the needs of NET, SET, and JRF applicants, this book has been revamped and updated as per the latest pattern and with a perfect blend of theory and practice questions. The exclusive features of “NTA UGC Paper-2 Economics” are: • Theoretical aspect of the subject has been written in a very simple language • Units are divided into different number of chapters • Complete coverage of the latest syllabus • Chapterwise 4000+ Multiple Choice Questions for Complete Practice • Inclusion of Previous Year Questions • 3 Model Paper on the latest examination pattern
650 _2Economics
_aEconomics
_9220564
700 _aBatra, Ritu
_9220565
942 _2ddc
_cBK
999 _c234676
_d234676